All Boeing 787 Operators - Statistics

General Stats
  • This quiz has been taken 44 times
  • The average score is 29 of 38
Answer Stats
Amount Country Airlines % Correct
40 Canada Air Canada
100%
14 China Air China
100%
54 Qatar Qatar Airways
100%
63 United States American Airlines
96%
45 Japan Japan Airlines
96%
78 United States United Airlines
96%
33 India Air India
92%
42 United Kingdom British Airways
92%
25 South Korea Korean Air
92%
14 Australia Qantas
92%
24 Turkey Turkish Airlines
92%
10 France Air France
88%
86 Japan All Nippon Airways
88%
26 Singapore Singapore Airlines
88%
10 Thailand Thai Airways International
88%
17 Israel El Al
83%
29 Ethiopia Ethiopian Airlines
83%
25 Netherlands KLM
83%
17 Vietnam Vietnam Airlines
83%
22 Mexico Aeromexico
79%
15 Poland LOT Polish Airlines
79%
14 New Zealand Air New Zealand
75%
29 China China Southern Airlines
75%
44 United Arab Emirates Etihad Airways
75%
36 Chile LATAM Chile
75%
16 Colombia Avianca
71%
21 Saudi Arabia Saudia
71%
19 Taiwan EVA Air
63%
17 United Kingdom Virgin Atlantic
63%
10 Oman Oman Air
58%
11 Morocco Royal Air Maroc
58%
10 Bahrain Gulf Air
50%
38 China Hainan Airlines
46%
23 Singapore Scoot
46%
11 Australia Jetstar
42%
26 Spain Air Europa
38%
13 United Kingdom TUI Airways
38%
12 China XiamenAir
38%
No matching quizzes found
Score Distribution
Percent of People with Each Score
Percentile by Number Answered
Your Score History
You have not taken this quiz